000 00738cam a2200217 4500
008 000000n2002 000 0 eng u
020 _a1900858789
035 _a(Sirsi) u117719
041 _aeng
050 _a690.24
110 _aBuilding Maintenance Information
_93229
245 _aReview of maintenance costs 2002
260 _aLondon
_bBMI
_c2002
300 _a68p. ; 30cm.
490 _aBMI Special Report
_v310
520 _aThis item is part of a subscription service and cannot be photocopied. Neither can any part of it be read out over the phone. Please contact BMI direct on +44 (0)20 7222 7000.
650 _aMAINTENANCE COST INDICES
650 _aMAINTENANCE COSTS
690 _aBUILT ENVIRONMENT
942 _n0
999 _c102052
_d102052